Zoología agrícola /
Guardado en:
| Autor Principal: | |
|---|---|
| Otros Autores: | |
| Formato: | Libro |
| Idioma: | Spanish |
| Publicado: |
Buenos Aires :
Hemisferio Sur,
2013.
|
| Edición: | 1a ed., 2a reimp. |
| Etiquetas: |
Agregar Etiqueta
Sin Etiquetas, Sea el primero en etiquetar este registro!
|
| LEADER | 00563nam a22001695a 4500 | ||
|---|---|---|---|
| 001 | EEA.libagro010397 | ||
| 005 | 20181011092626.0 | ||
| 008 | 150515s2013####ag############000#0#spa#d | ||
| 020 | |a 9789505046041 | ||
| 082 | 0 | 4 | |a 632.6 |
| 100 | 1 | |a Mareggiani, Graciela. | |
| 245 | 1 | 0 | |a Zoología agrícola / |c Graciela Mareggiani, Alicia Pelicano. |
| 250 | |a 1a ed., 2a reimp. | ||
| 260 | |a Buenos Aires : |b Hemisferio Sur, |c 2013. | ||
| 300 | |a xiii, 256 p. [4 h. lám.] : |b il., fot. col. ; |c 23 cm. | ||
| 700 | 1 | |a Pelicano, Alicia. | |
| 859 | |a AR-BbBCA |b BIB. AGRONOMIA |h 632.6 |i M323 |p 2015/6525 | ||
